000 00588nam a22001817a 4500
003 BUBTL
008 190420b xxu||||| |||| 00| 0 eng d
020 _a984-868-247-3
082 _a891.443 / Ah52s
100 _91693
_aআহমেদ, হুমায়ূন
245 _aসৌরভ /
_cহুমায়ূন আহমেদ
260 _aঢাকা :
_bঅন্য প্রকাশ,
_cc2003
300 _a88 p. :
_c22 cm.
650 0 _91687
_aবাংলা সাহিত্য
856 _k0
_l0
_yDownload
942 _2ddc
_cBK
999 _c5975
_d5975